La emigración hacia Estados Unidos desde la zona de Los Santos: un abordaje desde la psicología de la liberación /
La presente investigación aborda el tema de emigración hacia los Estados Unidos de costarricenses desde una psicología de la liberación y el transnacionalismo, considerando atinente el centrarse en los imaginarios de las personas, los cambios psicológicos, afectivos, sociales, generacionales, cultur...
Shranjeno v:
| Glavni avtor: | |
|---|---|
| Drugi avtorji: | |
| Format: | Tesis |
| Jezik: | Spanish |
| Izdano: |
Costa Rica :
|
| Teme: | |
| Oznake: |
Označite
Brez oznak, prvi označite!
|
MARC
| LEADER | 00000 a2200000 04500 | ||
|---|---|---|---|
| 001 | 42864 | ||
| 003 | |||
| 008 | 050703s2011 cr spa d | ||
| 040 | |a CRAI/IIS |c CRAI/IIS | ||
| 090 | |a 14.07.01 A282e | ||
| 100 | |a Agüero Castillo, Jazmín G. | ||
| 245 | |a La emigración hacia Estados Unidos desde la zona de Los Santos: |b un abordaje desde la psicología de la liberación / |c Jazmin G. Agüero Castillo ; Yirlanny Navarro Valverde | ||
| 260 | |a Costa Rica : | ||
| 300 | |a 299 páginas : |b tablas, gráficos, fotos, mapas | ||
| 502 | |a Tesis (licenciatura)--Universidad de Costa Rica, 2011 | ||
| 520 | |a La presente investigación aborda el tema de emigración hacia los Estados Unidos de costarricenses desde una psicología de la liberación y el transnacionalismo, considerando atinente el centrarse en los imaginarios de las personas, los cambios psicológicos, afectivos, sociales, generacionales, culturales, subjetivos, relacionales y colectivos del proceso migratorio en la comunidad de San Pablo de León Cortés, Costa Rica. Para esto se tomó en cuenta las condiciones históricas-sociales, económicas y políticas que propician la migración en la zona, así como los procesos de vulnerabilidad, resistencia inscritos en relaciones de poder. | ||
| 650 | |a 1.MIGRACION INTERNACIONAL | ||
| 650 | |a 2.COSTARRICENSES | ||
| 650 | |a 3.ESTADOS UNIDOS | ||
| 650 | |a 4.PSICOLOGIA | ||
| 650 | |a 5.ASPECTOS PSICOLOGICOS | ||
| 650 | |a 6.CONDICIONES SOCIALES | ||
| 700 | |a Navarro Valverde, Yirlanny | ||
| 999 | |c 18056 |d 18056 | ||
